African statistical yearbook: 2004 (Record no. 10437)
[ view plain ]
| 000 -LEADER | |
|---|---|
| fixed length control field | 00819nam a2200181Ia 4500 |
| 082 ## - DEWEY DECIMAL CLASSIFICATION NUMBER | |
| Classification number | RR 030.021096 UNI-A |
| 245 #0 - TITLE STATEMENT | |
| Title | African statistical yearbook: 2004 |
| 260 ## - PUBLICATION, DISTRIBUTION, ETC. (IMPRINT) | |
| Place of publication | New York |
| Name of publisher | United Nations |
| Year of publication | 2004 |
| 500 ## - GENERAL NOTE | |
| General note | contents: v.1. (pt.1), (North Africa) - (pt.2), (Western Africa) - v. 2. (pt.3), (Central Africa) - (pt.5.), (Southern Africa) - (pt.4), ( East Africa) - Acc No. S-107 (2006), (v.p.), (978-92-1-025162-4) |
| 650 ## - SUBJECT ADDED ENTRY--TOPICAL TERM | |
| Topical Term | Africa |
| Form subdivision | Population |
| -- | Statistics |
| 650 ## - SUBJECT ADDED ENTRY--TOPICAL TERM | |
| Topical Term | Africa |
| Form subdivision | Economic development |
| -- | Statistics |
| 650 ## - SUBJECT ADDED ENTRY--TOPICAL TERM | |
| Topical Term | Industrialization |
| Form subdivision | Statistics |
| Geographic subdivision | Africa |
| 650 ## - SUBJECT ADDED ENTRY--TOPICAL TERM | |
| Topical Term | Africa |
| Form subdivision | Statistics |
| -- | Hand books, mannuals, etc. |
| 650 ## - SUBJECT ADDED ENTRY--TOPICAL TERM | |
| Topical Term | Economics |
| Form subdivision | Statistical methods |
| -- | Africa |
| 710 ## - ADDED ENTRY--CORPORATE NAME | |
| Corporate name or jurisdiction name as entry element | United Nations Economic Commission for Africa |
| 710 ## - ADDED ENTRY--CORPORATE NAME | |
| Corporate name or jurisdiction name as entry element | African Centre for Statistics |
| 942 ## - ADDED ENTRY ELEMENTS (KOHA) | |
| Koha item type | Research Reports |
| Source of classification or shelving scheme | Dewey Decimal Classification |
| Withdrawn status | Lost status | Damaged status | Not for loan | Collection code | Home library | Current library | Date acquired | Serial Enumeration / chronology | Bill Date | Full call number | Accession Number | Price effective from | Koha item type | Source of acquisition |
|---|---|---|---|---|---|---|---|---|---|---|---|---|---|---|
| Series | NASSDOC Library | NASSDOC Library | 30/12/2014 | V.1 ( PT.1 ) | 2005-03-16 | RR 030.021096 UNI-A | S000037 | 18/04/2019 | Books | |||||
| Series | NASSDOC Library | NASSDOC Library | 30/12/2014 | V.1 ( PT.2 ) | 2005-03-16 | RR 030.021096 UNI-A | S000038 | 18/04/2019 | Books | |||||
| Series | NASSDOC Library | NASSDOC Library | 30/12/2014 | V.2 ( PT.3 ) | 2005-03-16 | RR 030.021096 UNI-A | S000039 | 18/04/2019 | Books | |||||
| Series | NASSDOC Library | NASSDOC Library | 30/12/2014 | V.2 ( PT.5 ) | 2005-03-16 | RR 030.021096 UNI-A | S000040 | 18/04/2019 | Books | |||||
| Series | NASSDOC Library | NASSDOC Library | 30/12/2014 | V.2 ( PT.4 ) | 2005-03-16 | RR 030.021096 UNI-A | S000053 | 18/04/2019 | Books | |||||
| Series | NASSDOC Library | NASSDOC Library | 30/12/2014 | 2005-03-16 | RR 030.021096 UNI-A | S000107 | 18/04/2019 | Books | Gifted by : Exchange |
